Обзор германской печати за 1916 год

Доступно только в Электронных читальных залах Найти на картеНа карте
RUSMARC
00003486nmc2a2200000 x 450
00100d080cd-f178-4d03-8ea2-1c7d79dfff10
00520160809135721.0
100##$a20140430l19161916k l0rusy0189 ca
1010#$arus
102##$aRU
2001#$aОбзор германской печати за 1916 год
$j1 июня - 29 июля 1916 г.
$eЧасть 3
251##$cДело
300##$aДело
801#0$aRU
$bРГИА
$c20140430
$gRCR
801#1$aRU
$bГлавНИВЦ
$c20140430
$2rusmarc
801#2$aRU
$bПБ им. Б.Н. Ельцина
$c20160809
$gRCR
$2rusmarc
850##$aРГИА
852##$aРГИА
$eФедеральное казенное учреждение "Российский государственный исторический архив" (РГИА)
$j6
937##$hРГИА
$d11327246
$aASBIBLIO_SCAN
462#0$100149fe4397-7e63-45b2-96e7-fbaf3aeb9b81
$12001
$aОбзоры русской и иностранной периодической печати
$1251
$cОпись
$1852
$j2
461#0$100170bfa5a4-889e-44db-9b74-75899b008a1e
$12001
$aОбзоры печати, выписки и вырезки из печати (коллекция)
$1251
$cФонд
$1852
$j1470
215##$a532 л.
$d36,5х26 см
371##$aДокумент не является опубликованным и широко распространяемым
105##$ay###
1222#$ad
035##$a00d080cd-f178-4d03-8ea2-1c7d79dfff10
Формат отображения